[Event "VI Open A"]
[Site "Bergamo ITA"]
[Date "2007.07.20"]
[Round "1"]
[White "Piantoni, Roberto"]
[Black "Fizzotti, Mario"]
[Result "1-0"]
[WhiteElo "2140"]
[BlackElo "1839"]
[PlyCount "57"]
[EventDate "2007.07.20"]

1. e4 e5 2. Nf3 Nf6 3. Nxe5 d6 4. Nf3 Nxe4 5. d3 Nf6 6. d4 Be7 7. Bd3 Nc6 8. c3
O-O 9. O-O h6 10. Nbd2 Be6 11. Re1 Qd7 12. Qc2 Rfe8 13. Nf1 Bd5 14. Bf5 Qd8 15.
Ne3 Bxf3 16. gxf3 d5 17. Kh1 Bf8 18. Rg1 Ne7 19. Bd3 Kh8 20. Ng4 Nd7 21. Bf4
Ng8 22. Rg2 c5 23. Rag1 Ngf6 24. Ne5 Nxe5 25. dxe5 Ng8 26. Bh7 Qh4 27. Qf5 f6
28. Bxg8 Kxg8 29. exf6 1-0

[Event "VI Open A"]
[Site "Bergamo ITA"]
[Date "2007.07.20"]
[Round "1"]
[White "Pucovski, Miroslav"]
[Black "Codenotti, Marco"]
[Result "1-0"]
[WhiteElo "2414"]
[BlackElo "1969"]
[PlyCount "27"]
[EventDate "2007.07.20"]

1. e4 c5 2. c3 d6 3. d4 Nf6 4. Bd3 e5 5. Nf3 Bg4 6. dxe5 dxe5 7. Qa4+ Nc6 8.
Nxe5 c4 9. Bxc4 Qd1+ 10. Qxd1 Bxd1 11. Nxc6 bxc6 12. Kxd1 O-O-O+ 13. Kc2 Nxe4
14. Be3 1-0

[Event "VI Open A"]
[Site "Bergamo ITA"]
[Date "2007.07.20"]
[Round "1"]
[White "Salvador, Roland"]
[Black "Elitropi, Giorgio"]
[Result "1-0"]
[WhiteElo "2461"]
[BlackElo "2003"]
[PlyCount "55"]
[EventDate "2007.07.20"]

1. d4 f5 2. Bg5 c6 3. c4 d6 4. Nc3 Qa5 5. Qc2 g6 6. h4 Bg7 7. O-O-O Na6 8. h5
Bd7 9. hxg6 hxg6 10. Rxh8 Bxh8 11. Nh3 O-O-O 12. Nf4 Nb4 13. Qb3 Be8 14. Ne6
Rd7 15. a3 Na6 16. Bd2 Qb6 17. Qxb6 axb6 18. Na4 Rc7 19. Nxb6+ Kb8 20. e3 Bf7
21. Nxc7 Nxc7 22. Be2 Nf6 23. Rh1 Bg7 24. f3 Ne6 25. b4 Nh5 26. Bd3 f4 27. d5
cxd5 28. Nxd5 1-0

[Event "VI Open A"]
[Site "Bergamo ITA"]
[Date "2007.07.20"]
[Round "1"]
[White "Todorov, Todor"]
[Black "Salzano, Guido"]
[Result "1-0"]
[WhiteElo "2500"]
[BlackElo "2056"]
[PlyCount "67"]
[EventDate "2007.07.20"]

1. e4 c5 2. b3 Nc6 3. Bb2 d6 4. f4 Nf6 5. Nc3 Bg4 6. Be2 Bxe2 7. Qxe2 Nd4 8.
Qd3 Qd7 9. Nf3 Nc6 10. O-O-O e6 11. Qe2 O-O-O 12. d4 d5 13. e5 Ne8 14. Kb1 Kb8
15. dxc5 Bxc5 16. Ne4 Qe7 17. Nxc5 Qxc5 18. Rd2 Nc7 19. Ng5 Rd7 20. Ne4 Qa5 21.
Nd6 Rhd8 22. Rhd1 Nb4 23. a4 Nca6 24. c3 Nc6 25. Qb5 Qc7 26. Ba3 Ka8 27. Kb2
Ncb8 28. Qd3 Nc5 29. Qxh7 Nba6 30. Qc2 Qc6 31. Rd4 Ne4 32. c4 Nxd6 33. Bxd6 Nc5
34. cxd5 1-0

[Event "VI Open A"]
[Site "Bergamo ITA"]
[Date "2007.07.20"]
[Round "2"]
[White "Annoni, Riccardo"]
[Black "Amato, Giampiero"]
[Result "1-0"]
[WhiteElo "2080"]
[BlackElo "1986"]
[PlyCount "113"]
[EventDate "2007.07.20"]

1. d4 Nf6 2. Bg5 Ne4 3. Bf4 c5 4. f3 Qa5+ 5. c3 Nf6 6. Nd2 cxd4 7. Nb3 Qb6 8.
Qxd4 Nc6 9. Qxb6 axb6 10. Bg5 d5 11. Nd4 Nxd4 12. cxd4 Bd7 13. e3 e6 14. Ne2
Bb4+ 15. Kf2 O-O 16. a3 Rfc8 17. Rc1 Bd2 18. Rb1 Rc2 19. g4 Bb5 20. Ng3 Bxf1
21. Rhxf1 Bc3+ 22. Kg1 Bxb2 23. Rf2 Rxf2 24. Kxf2 Bxa3 25. Rxb6 Ra7 26. Bxf6
gxf6 27. e4 dxe4 28. fxe4 Be7 29. Kf3 Bd8 30. Rb4 b6 31. h4 Rb7 32. Rb5 Ra7 33.
Rb3 Ra5 34. Ne2 b5 35. Nc3 b4 36. Rxb4 Kf8 37. Rb8 Ke7 38. Nb5 Kd7 39. d5 f5
40. gxf5 exf5 41. Rb7+ Ke8 42. Nd6+ Kf8 43. Rxf7+ Kg8 44. Rxf5 Bxh4 45. Nc4 Rc5
46. Ne5 Be7 47. Nc6 Rc3+ 48. Kf4 Bd6+ 49. e5 Bc5 50. Rf6 Rd3 51. d6 Kg7 52. Re6
h5 53. Kg5 Rg3+ 54. Kxh5 Bf2 55. d7 Rh3+ 56. Kg4 Rg3+ 57. Kf4 1-0

[Event "VI Open A"]
[Site "Bergamo ITA"]
[Date "2007.07.20"]
[Round "2"]
[White "Martinez, Rolly"]
[Black "Brigati, Alessandro"]
[Result "0-1"]
[WhiteElo "2428"]
[BlackElo "2090"]
[PlyCount "84"]
[EventDate "2007.07.20"]

1. e4 d6 2. d4 Nf6 3. Nc3 g6 4. f3 c6 5. Be3 b5 6. Qd2 Nbd7 7. h4 Bb7 8. g4 h6
9. Nh3 a6 10. a4 Bg7 11. Nf2 Qc7 12. Bh3 b4 13. Ne2 a5 14. g5 hxg5 15. hxg5 Nh5
16. Bg4 Ba6 17. Bxh5 Bxe2 18. Qxe2 gxh5 19. Kf1 c5 20. c3 Qc6 21. Kg2 Nb6 22.
dxc5 dxc5 23. cxb4 axb4 24. a5 Nd7 25. Rhc1 O-O 26. f4 f5 27. Rh1 Rfc8 28. Rxh5
c4 29. Rah1 Nf8 30. Rh6 Ng6 31. Rh7 Rxa5 32. Kg3 e5 33. exf5 exf4+ 34. Bxf4
Rxf5 35. Rxg7+ Kxg7 36. Be3 Ne5 37. Bd4 Rf3+ 38. Kh2 Rh8+ 39. Kg1 Rg3+ 40. Kf1
Rxh1+ 41. Nxh1 Qxh1+ 42. Kf2 Rg2+ 0-1

[Event "VI Open A"]
[Site "Bergamo ITA"]
[Date "2007.07.21"]
[Round "3"]
[White "Ceccarini, Marco"]
[Black "Martinez, Rolly"]
[Result "1/2-1/2"]
[WhiteElo "2072"]
[BlackElo "2428"]
[PlyCount "61"]
[EventDate "2007.07.20"]

1. g3 d5 2. Bg2 Nf6 3. d3 e5 4. Nc3 Be7 5. e4 c6 6. f4 exf4 7. Bxf4 dxe4 8.
Nxe4 O-O 9. Ne2 Qb6 10. Qd2 Qxb2 11. O-O Qb6+ 12. Be3 Nxe4 13. Bxe4 Qc7 14. Nd4
Bh3 15. Rf2 g6 16. Qc3 Qe5 17. Qb3 Nd7 18. Qxb7 Rac8 19. Re1 Qa5 20. Rfe2 Bb4
21. Nxc6 Rxc6 22. Bxc6 Bxe1 23. Bxd7 Bxd7 24. Qxd7 Bc3 25. Bh6 Qh5 26. Bxf8
Qxe2 27. Bh6 Qd1+ 28. Kg2 Qe2+ 29. Kg1 Qd1+ 30. Kg2 Qe2+ 31. Kg1 1/2-1/2

[Event "VI Open A"]
[Site "Bergamo ITA"]
[Date "2007.07.21"]
[Round "3"]
[White "Sala, Giovanni"]
[Black "Annoni, Riccardo"]
[Result "1/2-1/2"]
[WhiteElo "1935"]
[BlackElo "2080"]
[PlyCount "77"]
[EventDate "2007.07.20"]

1. e4 c5 2. c3 Nf6 3. e5 Nd5 4. d4 cxd4 5. Nf3 e6 6. cxd4 b6 7. Nc3 Nxc3 8.
bxc3 Qc7 9. Bd2 Bb7 10. Bd3 d6 11. O-O Nd7 12. Qe2 dxe5 13. Nxe5 Nxe5 14. dxe5
Be7 15. Rad1 O-O 16. Qh5 g6 17. Qe2 Rfd8 18. Rfe1 Qc6 19. f3 Qa4 20. Be3 Rac8
21. Bb5 Qa3 22. Rxd8+ Rxd8 23. Bd4 Bd5 24. Bc4 Qa4 25. Bb5 Qxa2 26. Qxa2 Bxa2
27. Ra1 Rd5 28. Rxa2 Rxb5 29. Rxa7 Bc5 30. Ra8+ Kg7 31. Bxc5 Rxc5 32. Rb8 Rxc3
33. Rxb6 Rc5 34. f4 g5 35. fxg5 Rxe5 36. h4 h6 37. gxh6+ Kxh6 38. Rb4 Kh5 39.
Kf2 1/2-1/2

[Event "VI Open A"]
[Site "Bergamo ITA"]
[Date "2007.07.21"]
[Round "4"]
[White "Annoni, Riccardo"]
[Black "Brancaleoni, Maurizio"]
[Result "1/2-1/2"]
[WhiteElo "2080"]
[BlackElo "2256"]
[PlyCount "93"]
[EventDate "2007.07.20"]

1. d4 Nf6 2. Nf3 d5 3. e3 c5 4. c3 Nbd7 5. Nbd2 Qc7 6. Bd3 e5 7. Nxe5 Nxe5 8.
dxe5 Qxe5 9. Nf3 Qc7 10. c4 dxc4 11. Bxc4 Be7 12. O-O O-O 13. b3 Bf5 14. Bb2 a6
15. a4 Rad8 16. Qe2 Ne4 17. Rad1 Bf6 18. Bxf6 Nxf6 19. Rxd8 Qxd8 20. Rd1 Qe7
21. Qb2 Be6 22. Qe5 Re8 23. Bxe6 Qxe6 24. Qxe6 Rxe6 25. g4 h6 26. h3 Kf8 27.
Rd3 Ke7 28. Kf1 Ne4 29. Nd2 Rd6 30. Rxd6 Nxd6 31. Ke2 Kd7 32. f4 Kc6 33. e4 b5
34. e5 Nb7 35. axb5+ axb5 36. h4 Kd5 37. Ke3 Na5 38. g5 hxg5 39. hxg5 b4 40.
Kf3 g6 41. Ke3 Nc6 42. Kd3 Nd4 43. Ke3 Nc6 44. Nc4 Nd4 45. Nd2 Nf5+ 46. Kd3 Nh4
47. Nc4 1/2-1/2

[Event "VI Open A"]
[Site "Bergamo ITA"]
[Date "2007.07.22"]
[Round "5"]
[White "Annoni, Riccardo"]
[Black "Astengo, Marcello"]
[Result "1-0"]
[WhiteElo "2080"]
[BlackElo "2048"]
[PlyCount "67"]
[EventDate "2007.07.20"]

1. d4 g6 2. e4 Bg7 3. Nc3 d6 4. f4 a6 5. Nf3 b5 6. e5 e6 7. Bd3 Nd7 8. Ne4 Nb6
9. b3 Nh6 10. Ba3 Nf5 11. Qd2 O-O 12. O-O Bb7 13. c3 Re8 14. Qf2 Nd5 15. Bc1 h5
16. g3 dxe5 17. fxe5 Ra7 18. Bd2 Qa8 19. Rae1 Rd8 20. h3 Rd7 21. g4 hxg4 22.
hxg4 Nfe7 23. Nfg5 Nf5 24. gxf5 exf5 25. Nc5 Re7 26. Qh4 b4 27. c4 Nc3 28. Nh7
Qe8 29. Bg5 Qc6 30. Nxb7 Rxe5 31. dxe5 Rxb7 32. Nf6+ Kf8 33. Qd4 Ke7 34. Nh5+
1-0

[Event "VI Open A"]
[Site "Bergamo ITA"]
[Date "2007.07.22"]
[Round "6"]
[White "Smokina, Karolina"]
[Black "Annoni, Riccardo"]
[Result "1-0"]
[WhiteElo "2205"]
[BlackElo "2080"]
[PlyCount "31"]
[EventDate "2007.07.20"]

1. d4 d5 2. c4 c6 3. e3 Nf6 4. Nf3 e6 5. b3 Bb4+ 6. Bd2 Bd6 7. Bc3 Nbd7 8. Nbd2
O-O 9. Ne5 Qc7 10. f4 c5 11. Rc1 b6 12. Bd3 Bb7 13. O-O Rfd8 14. Qe2 Rac8 15.
Bb2 Ne8 16. Bxh7+ 1-0

[Event "C.to Italiano U10 femminile"]
[Site "Terrasini ITA"]
[Date "2007.07.03"]
[Round "4"]
[White "Pelyushenko, Olga"]
[Black "Santeramo, Cristina"]
[Result "1-0"]
[WhiteElo "1365"]
[BlackElo "1440"]
[PlyCount "43"]
[EventDate "2007.07.02"]

1. d4 d5 2. Nf3 Nc6 3. c4 dxc4 4. Nc3 Bf5 5. e4 Bg6 6. Bxc4 Nf6 7. e5 Nd7 8. e6
Nb6 9. exf7+ Bxf7 10. Bxf7+ Kxf7 11. O-O e6 12. Bg5 Be7 13. Qd2 Rf8 14. Bxe7
Qxe7 15. Rfe1 Qd6 16. Ng5+ Kg8 17. Rxe6 Qd7 18. d5 Nd8 19. Re2 c6 20. Qd3 Re8
21. Qxh7+ Kf8 22. Qh8# 1-0

[Event "XVIII Coppa Europa a squadre ICSC"]
[Site "Primorsko BUL"]
[Date "2007.05.31"]
[Round "2"]
[White "Collutiis, Duilio"]
[Black "Baklanova, Tatiana"]
[Result "1-0"]
[WhiteElo "2410"]
[BlackElo "2240"]
[PlyCount "103"]
[EventDate "2007.05.31"]

1. e4 c5 2. Nc3 Nc6 3. Bb5 g6 4. Bxc6 dxc6 5. d3 Bg7 6. Be3 b6 7. Qd2 e5 8.
Nge2 Nf6 9. Bh6 O-O 10. h4 Bxh6 11. Qxh6 Ng4 12. Qd2 Kg7 13. f3 Nh6 14. g4 f6
15. O-O-O Nf7 16. Rdg1 Qe7 17. Ng3 Bd7 18. Kb1 Qd6 19. Qh2 Rh8 20. Nd1 Kf8 21.
Ne3 Be6 22. Ne2 Ke7 23. f4 exf4 24. Nxf4 Raf8 25. Rf1 Qe5 26. Qf2 Nd6 27. Re1
Kd7 28. c3 Rf7 29. Nf5 Re8 30. Nxd6 Qxd6 31. Qf3 Kc7 32. h5 g5 33. Nxe6+ Qxe6
34. Rhf1 Ree7 35. d4 Rd7 36. Rd1 c4 37. Rde1 b5 38. Qd1 Qd6 39. Rf5 Rfe7 40.
Qf3 Re6 41. Qf2 Kb7 42. d5 cxd5 43. Rxd5 Qc6 44. Red1 Rde7 45. Qf5 a6 46. R1d4
Qc7 47. a4 bxa4 48. Rc5 Qb6 49. Rdxc4 Ka7 50. Rb4 Qd6 51. Qf2 Ka8 52. Rc8+ 1-0

[Event "XVIII Coppa Europa a squadre ICSC"]
[Site "Primorsko BUL"]
[Date "2007.05.31"]
[Round "2"]
[White "Grudina, Marco"]
[Black "Ovcharov, Taras"]
[Result "0-1"]
[WhiteElo "1802"]
[BlackElo "1854"]
[PlyCount "154"]
[EventDate "2007.05.31"]

1. e4 d5 2. exd5 Nf6 3. d4 Qxd5 4. Nc3 Qa5 5. Nf3 c6 6. Bd2 Qc7 7. Bd3 Bg4 8.
h3 Bh5 9. Qe2 e6 10. O-O-O Nbd7 11. g4 Bg6 12. Bxg6 hxg6 13. Ng5 Nb6 14. a3
O-O-O 15. Be3 Nbd5 16. Nge4 Nxc3 17. Nxc3 Qa5 18. Qc4 Be7 19. Kb1 Nd5 20. Nxd5
Rxd5 21. Qd3 Rhd8 22. c4 R5d7 23. Qc2 Bf6 24. d5 exd5 25. g5 Be7 26. cxd5 Rxd5
27. Rc1 Bxg5 28. Bxg5 Rxg5 29. Qe4 Qf5 30. f3 Qxe4+ 31. fxe4 Rd4 32. Rce1 Re5
33. Ref1 Re7 34. e5 Re4 35. Rf2 R4xe5 36. Rhh2 Rh5 37. Rf3 Rhe5 38. Rff2 Kc7
39. Kc2 Re3 40. Kd2 f6 41. Rfg2 g5 42. h4 gxh4 43. Rxh4 g5 44. Rh6 Rf3 45. Rg6
Rb3 46. Kc2 Rf3 47. Kd2 b5 48. Kc2 a5 49. Kd2 Kb6 50. Rg8 Kc5 51. Kc2 Rfe3 52.
Kd2 Kc4 53. Rd8 Kb3 54. Rd6 R3e6 55. Rd3+ Kc4 56. Rc3+ Kd5 57. Rd3+ Kc5 58.
Rc3+ Kb6 59. Rd3 Re4 60. Rd6 R7e6 61. Rd8 g4 62. Rd7 f5 63. Kd3 Re3+ 64. Kd2 g3
65. Rf7 Rf3 66. Kd1 Rf1+ 67. Kd2 Rf3 68. Kd1 f4 69. Kd2 Re4 70. Kd1 Rf1+ 71.
Kd2 Rf2+ 72. Kd3 Re3+ 73. Kd4 Rxg2 74. Rxf4 Rge2 75. Rf8 Re8 76. Rf3 g2 77. Rg3
R8e3 0-1

[Event "XVIII Coppa Europa a squadre ICSC"]
[Site "Primorsko BUL"]
[Date "2007.05.31"]
[Round "2"]
[White "Kovalenko, Vladimir N."]
[Black "Cehic, Goran"]
[Result "1/2-1/2"]
[WhiteElo "2189"]
[BlackElo "2112"]
[PlyCount "21"]
[EventDate "2007.05.31"]

1. e4 e6 2. d4 d5 3. exd5 exd5 4. Bd3 Bd6 5. h3 Ne7 6. Nf3 c5 7. c3 Nbc6 8. O-O
h6 9. dxc5 Bxc5 10. Bf4 O-O 11. Qc2 1/2-1/2

[Event "XVIII Coppa Europa a squadre ICSC"]
[Site "Primorsko BUL"]
[Date "2007.05.31"]
[Round "2"]
[White "Musienko, Olexiy"]
[Black "Pasquotto, Mirko"]
[Result "1-0"]
[WhiteElo "1962"]
[BlackElo "1960"]
[PlyCount "95"]
[EventDate "2007.05.31"]

1. e4 c5 2. Nc3 d6 3. f4 g6 4. Nf3 Bg7 5. Bc4 Nf6 6. d3 O-O 7. O-O Nc6 8. Qe1
e6 9. f5 d5 10. Bb3 d4 11. Ne2 exf5 12. Qh4 Nxe4 13. Qxd8 Nxd8 14. dxe4 fxe4
15. Ng5 e3 16. Bc4 h6 17. Ne4 b6 18. Nf4 Be6 19. Nxe6 Nxe6 20. a4 Be5 21. Nf6+
Bxf6 22. Rxf6 Kg7 23. Rf1 Ng5 24. b3 Ne4 25. Bd3 f5 26. Bb2 Kh7 27. a5 h5 28.
Ra4 Nd6 29. axb6 axb6 30. Rfa1 Rxa4 31. Rxa4 f4 32. Be2 Nf5 33. Ra6 Rf6 34. Ba3
Kg7 35. Ra7+ Rf7 36. Ra6 Rf6 37. Bc4 g5 38. Ra7+ Kg6 39. Bd3 g4 40. Be2 Nh4 41.
Bd3+ Nf5 42. b4 cxb4 43. Bxb4 f3 44. Re7 e2 45. Re5 h4 46. gxf3 gxf3 47. Bd2
Rf7 48. Kf2 1-0

[Event "XVIII Coppa Europa a squadre ICSC"]
[Site "Primorsko BUL"]
[Date "2007.06.01"]
[Round "3"]
[White "Mahlev, Atanas"]
[Black "Grudina, Marco"]
[Result "0-1"]
[WhiteElo "1972"]
[BlackElo "1802"]
[PlyCount "142"]
[EventDate "2007.05.31"]

1. e4 e5 2. Nf3 Nc6 3. Bb5 a6 4. Ba4 Nf6 5. d3 Bc5 6. O-O d6 7. c3 O-O 8. Nbd2
Re8 9. h3 h6 10. Re1 Bd7 11. Nf1 Ne7 12. Bc2 Ng6 13. Ng3 Qc8 14. Kh2 Bxf2 15.
Rf1 Bxg3+ 16. Kxg3 Nh5+ 17. Kh2 Nhf4 18. Ng1 Rf8 19. d4 f6 20. a4 Kh7 21. Rf2
b5 22. d5 c6 23. dxc6 Qxc6 24. g3 Ne6 25. Rd2 Qc5 26. Kg2 b4 27. Rd5 Qc7 28.
Rxd6 Rfd8 29. Be3 Nef8 30. Kh2 Bc6 31. Rxd8 Rxd8 32. Qe1 Qb7 33. cxb4 Bxe4 34.
Bb6 Qxb6 35. Bxe4 Rd4 36. b3 Qxb4 37. Qxb4 Rxb4 38. Bd5 Ne7 39. Bc4 a5 40. Rd1
Nc6 41. Ne2 Ng6 42. Kg2 Nge7 43. g4 Kg6 44. Kf3 Rb8 45. Bd3+ Kf7 46. Bc4+ Kf8
47. Ke4 Rd8 48. Rxd8+ Nxd8 49. Bb5 Nb7 50. Bc4 Nd6+ 51. Kd3 Nc6 52. Be6 Ke7 53.
Bg8 Nf7 54. Kc4 Nd6+ 55. Kc5 Kd7 56. Bd5 Ne7 57. Bc4 Nxc4 58. bxc4 Kc7 59. Ng3
g6 60. Kb5 Nc6 61. c5 Kb7 62. Ne4 Nd4+ 63. Kxa5 f5 64. Nf2 e4 65. Kb4 e3 66.
Nd3 fxg4 67. hxg4 e2 68. Ne1 h5 69. gxh5 gxh5 70. Ng2 h4 71. Kc4 h3 0-1

[Event "XVIII Coppa Europa a squadre ICSC"]
[Site "Primorsko BUL"]
[Date "2007.06.01"]
[Round "4"]
[White "Gerasimova, Olga"]
[Black "Pasquotto, Mirko"]
[Result "1/2-1/2"]
[WhiteElo "2305"]
[BlackElo "1960"]
[PlyCount "70"]
[EventDate "2007.05.31"]

1. e4 c5 2. Nf3 d6 3. d4 cxd4 4. Nxd4 Nf6 5. Nc3 a6 6. Be2 e5 7. Nb3 Be7 8. O-O
Be6 9. f4 Qc7 10. f5 Bc4 11. Be3 Nbd7 12. Nd2 Bxe2 13. Qxe2 b5 14. a3 O-O 15.
Rac1 Nb6 16. Bxb6 Qxb6+ 17. Qf2 Bd8 18. Qxb6 Bxb6+ 19. Kh1 Rac8 20. Rf3 Rfd8
21. Nd5 Nxd5 22. exd5 f6 23. c3 Kf7 24. Re1 Ke7 25. Rd3 g6 26. Rf1 g5 27. g4 h5
28. Rh3 h4 29. Rd3 a5 30. Re1 Rc7 31. Re4 Rb8 32. Kg2 Ba7 33. Nb3 Bb6 34. Nd2
Bc5 35. Nb3 Bb6 1/2-1/2

[Event "XVIII Coppa Europa a squadre ICSC"]
[Site "Primorsko BUL"]
[Date "2007.06.01"]
[Round "4"]
[White "Grudina, Marco"]
[Black "Gerasimov, Aleksander"]
[Result "1/2-1/2"]
[WhiteElo "1802"]
[BlackElo "2274"]
[PlyCount "70"]
[EventDate "2007.05.31"]

1. e4 c5 2. Nf3 Nc6 3. d4 cxd4 4. Nxd4 Nf6 5. Nc3 d6 6. Bg5 e6 7. Qd2 Be7 8.
O-O-O a6 9. f4 Bd7 10. Be2 Qc7 11. Bf3 O-O 12. g4 Nxd4 13. Qxd4 Bc6 14. Rhf1 e5
15. Qd2 Rfd8 16. h4 exf4 17. Bxf4 Ne8 18. g5 b5 19. a3 a5 20. Nd5 Bxd5 21. Qxd5
Rac8 22. Rd2 b4 23. Bg4 Qc4 24. Qxc4 Rxc4 25. b3 Rc5 26. a4 g6 27. Rfd1 h5 28.
Bh3 Rc3 29. Rd3 Rxd3 30. Rxd3 Nc7 31. Be3 Rb8 32. Bf4 Rd8 33. Be3 Rb8 34. Bf4
Rd8 35. Be3 Rb8 1/2-1/2

[Event "XVIII Coppa Europa a squadre ICSC"]
[Site "Primorsko BUL"]
[Date "2007.06.01"]
[Round "4"]
[White "Sobolev, Yuri"]
[Black "Cehic, Goran"]
[Result "1/2-1/2"]
[WhiteElo "2255"]
[BlackElo "2112"]
[PlyCount "41"]
[EventDate "2007.05.31"]

1. e4 e6 2. Nf3 d5 3. Nc3 Nf6 4. e5 Nfd7 5. d4 c5 6. Ne2 cxd4 7. Nexd4 Nc6 8.
Nxc6 bxc6 9. Bd3 Ba6 10. O-O Bxd3 11. Qxd3 Be7 12. c4 O-O 13. b3 a5 14. Bb2 a4
15. Nd2 Qb6 16. cxd5 cxd5 17. Bd4 Bc5 18. Bxc5 Nxc5 19. Qd4 Nd7 20. Qxb6 Nxb6
21. Rac1 1/2-1/2

[Event "XVIII Coppa Europa a squadre ICSC"]
[Site "Primorsko BUL"]
[Date "2007.06.02"]
[Round "5"]
[White "Bokros, Istvan"]
[Black "Cehic, Goran"]
[Result "1/2-1/2"]
[WhiteElo "2164"]
[BlackElo "2112"]
[PlyCount "45"]
[EventDate "2007.05.31"]

1. e4 e6 2. d4 d5 3. Nc3 Bb4 4. e5 c5 5. a3 Ba5 6. b4 cxd4 7. Qg4 Ne7 8. bxa5
dxc3 9. Qxg7 Rg8 10. Qxh7 Nbc6 11. f4 Qxa5 12. Nf3 Bd7 13. Rb1 O-O-O 14. Qd3
Nf5 15. g3 a6 16. Rb3 d4 17. Qc4 Qd5 18. Qxd5 exd5 19. Kf2 Na5 20. Rb4 Nc6 21.
Rb3 Na5 22. Rb4 Nc6 23. Rb3 1/2-1/2

[Event "XVIII Coppa Europa a squadre ICSC"]
[Site "Primorsko BUL"]
[Date "2007.06.02"]
[Round "5"]
[White "Collutiis, Duilio"]
[Black "Mate, Balazs"]
[Result "1/2-1/2"]
[WhiteElo "2410"]
[BlackElo "2180"]
[PlyCount "53"]
[EventDate "2007.05.31"]

1. e4 c5 2. Nc3 d6 3. f4 a6 4. Nf3 Nc6 5. d4 cxd4 6. Nxd4 Nf6 7. Be3 Bd7 8. Be2
e6 9. O-O Be7 10. Kh1 O-O 11. Qe1 e5 12. Nb3 exf4 13. Bxf4 Ne5 14. Rd1 Qc7 15.
Qg3 Be6 16. Nd4 Rad8 17. Nd5 Nxd5 18. exd5 Bc8 19. c4 Ng6 20. Bc1 Bf6 21. Bg5
Bxg5 22. Qxg5 Rde8 23. Qd2 Re5 24. Nf3 Re7 25. Bd3 Rfe8 26. Rde1 Bg4 27. Nd4
1/2-1/2

[Event "XVIII Coppa Europa a squadre ICSC"]
[Site "Primorsko BUL"]
[Date "2007.06.02"]
[Round "5"]
[White "Grudina, Marco"]
[Black "Raibl, Zoltan"]
[Result "1/2-1/2"]
[WhiteElo "1802"]
[BlackElo "2033"]
[PlyCount "55"]
[EventDate "2007.05.31"]

1. e4 c5 2. Nf3 e6 3. d4 cxd4 4. Nxd4 a6 5. Bd3 Nf6 6. O-O Qc7 7. Be3 b5 8. Nd2
Bb7 9. Rc1 d5 10. f3 Nbd7 11. c3 Bd6 12. h3 O-O 13. b4 Ne5 14. Bb1 Nc4 15. Nxc4
dxc4 16. Qc2 g6 17. Bh6 Rfd8 18. Bg5 Be7 19. Rce1 e5 20. Ne2 Rd7 21. Rd1 Rad8
22. Rxd7 Rxd7 23. Rd1 Qd8 24. Rxd7 Qxd7 25. Qd2 Qxd2 26. Bxd2 Bd6 27. Bc2 Bc6
28. Bg5 1/2-1/2

[Event "XVIII Coppa Europa a squadre ICSC"]
[Site "Primorsko BUL"]
[Date "2007.06.02"]
[Round "5"]
[White "Lukasovics, Laszlo"]
[Black "Pasquotto, Mirko"]
[Result "1/2-1/2"]
[WhiteElo "2037"]
[BlackElo "1960"]
[PlyCount "35"]
[EventDate "2007.05.31"]

1. d4 Nf6 2. Nf3 g6 3. c4 Bg7 4. Nc3 d6 5. e4 O-O 6. Be2 e5 7. Bg5 Nbd7 8. O-O
c6 9. Qd2 Qb6 10. Be3 Ng4 11. h3 Nxe3 12. fxe3 Nf6 13. Bd3 Rd8 14. Rab1 exd4
15. exd4 Nh5 16. Qf2 Nf4 17. Bc2 Bxh3 18. Na4 1/2-1/2

[Event "XVIII Coppa Europa a squadre ICSC"]
[Site "Primorsko BUL"]
[Date "2007.06.02"]
[Round "6"]
[White "Cehic, Goran"]
[Black "Smirnov, Andrey"]
[Result "0-1"]
[WhiteElo "2112"]
[BlackElo "2176"]
[PlyCount "64"]
[EventDate "2007.05.31"]

1. c4 Nf6 2. Nc3 c5 3. g3 d5 4. cxd5 Nxd5 5. Bg2 Nc7 6. Nf3 Nc6 7. O-O e5 8. d3
f6 9. Nd2 Be6 10. Nc4 Qd7 11. Be3 Be7 12. Rc1 Rc8 13. f4 exf4 14. Bxf4 O-O 15.
Qa4 b5 16. Nxb5 Nd4 17. Nc3 Nxe2+ 18. Kh1 Qxa4 19. Nxa4 Nxc1 20. Rxc1 Bd5 21.
Nc3 Bxg2+ 22. Kxg2 Ne6 23. Bd2 Rfd8 24. Re1 Kf7 25. Rf1 Bf8 26. g4 Kg8 27. Rf3
Rd4 28. Ne4 Rcd8 29. g5 Nxg5 30. Nxg5 fxg5 31. Bxg5 Rg4+ 32. Rg3 Rxg3+ 0-1

[Event "XVIII Coppa Europa a squadre ICSC"]
[Site "Primorsko BUL"]
[Date "2007.06.02"]
[Round "6"]
[White "Jentsch, Dieter"]
[Black "Grudina, Marco"]
[Result "1-0"]
[WhiteElo "2180"]
[BlackElo "1802"]
[PlyCount "117"]
[EventDate "2007.05.31"]

1. e4 e5 2. Nf3 Nc6 3. Bb5 a6 4. Ba4 Nf6 5. O-O Nxe4 6. d4 b5 7. Bb3 d5 8. dxe5
Be6 9. c3 Bc5 10. Nbd2 O-O 11. Bc2 Nxf2 12. Rxf2 f6 13. Nb3 Bxf2+ 14. Kxf2 fxe5
15. Kg1 Bg4 16. h3 Bxf3 17. gxf3 Kh8 18. Be3 Qh4 19. Bf2 Qxh3 20. Qxd5 Rf6 21.
Be4 Rd8 22. Qc5 Rh6 23. f4 exf4 24. Bg2 Rg6 25. Qxc6 Qg4 26. Qe4 f3 27. Qxg4
Rxg4 28. Nd4 Rxg2+ 29. Kf1 Rg6 30. Re1 Rf6 31. Bh4 Rfd6 32. Bxd8 Rxd8 33. Re7
c5 34. Nxf3 h6 35. Re6 Rd1+ 36. Kf2 Rb1 37. Re2 c4 38. Nd2 Rxb2 39. Ne4 Rxe2+
40. Kxe2 g5 41. Nc5 a5 42. a3 h5 43. Ne6 g4 44. Nf4 Kh7 45. Nxh5 Kh6 46. Nf4
Kg5 47. Ne6+ Kh4 48. Nd4 Kh3 49. Nxb5 Kh2 50. Nd4 Kh3 51. Nf5 a4 52. Ke3 g3 53.
Nxg3 Kxg3 54. Kd4 Kf4 55. Kxc4 Ke4 56. Kc5 Kd3 57. Kb4 Ke4 58. Kxa4 Kd5 59. Kb4
1-0

[Event "XVIII Coppa Europa a squadre ICSC"]
[Site "Primorsko BUL"]
[Date "2007.06.02"]
[Round "6"]
[White "Salov, Sergei"]
[Black "Collutiis, Duilio"]
[Result "1/2-1/2"]
[WhiteElo "2300"]
[BlackElo "2410"]
[PlyCount "20"]
[EventDate "2007.05.31"]

1. e4 c5 2. Nf3 Nc6 3. d4 cxd4 4. Nxd4 Qc7 5. Nb5 Qb8 6. Bd3 a6 7. N5c3 e6 8.
O-O Nf6 9. Be3 b5 10. Nd2 Be7 1/2-1/2

[Event "XVIII Coppa Europa a squadre ICSC"]
[Site "Primorsko BUL"]
[Date "2007.06.03"]
[Round "7"]
[White "Cehic, Goran"]
[Black "Vujcic, Toni"]
[Result "1/2-1/2"]
[WhiteElo "2112"]
[BlackElo "2121"]
[PlyCount "36"]
[EventDate "2007.05.31"]

1. e4 d6 2. d4 e5 3. Nf3 Nc6 4. c3 Nf6 5. h3 Nxe4 6. d5 Nxf2 7. Kxf2 Nb8 8. Be2
Be7 9. Rf1 f5 10. Kg1 O-O 11. c4 Nd7 12. Nc3 e4 13. Nd4 Ne5 14. Bf4 g5 15. Bxe5
dxe5 16. Nb3 c6 17. Kh1 Bb4 18. Qc2 g4 1/2-1/2

[Event "XVIII Coppa Europa a squadre ICSC"]
[Site "Primorsko BUL"]
[Date "2007.06.03"]
[Round "7"]
[White "Klasan, Vladimir"]
[Black "Collutiis, Duilio"]
[Result "1/2-1/2"]
[WhiteElo "2269"]
[BlackElo "2410"]
[PlyCount "42"]
[EventDate "2007.05.31"]

1. e4 c5 2. Nf3 Nc6 3. Nc3 e6 4. d4 cxd4 5. Nxd4 a6 6. f4 Nge7 7. Nxc6 Nxc6 8.
Bd3 b5 9. O-O Bb7 10. Kh1 Be7 11. e5 Qc7 12. Ne4 Nd4 13. Bd2 Nf5 14. Qe1 O-O
15. Bb4 d6 16. exd6 Nxd6 17. Bxd6 Bxd6 18. Nf6+ gxf6 19. Qg3+ Kh8 20. Qh4 f5
21. Qf6+ Kg8 1/2-1/2

[Event "XVIII Coppa Europa a squadre ICSC"]
[Site "Primorsko BUL"]
[Date "2007.06.03"]
[Round "7"]
[White "Svec, Darko"]
[Black "Grudina, Marco"]
[Result "1-0"]
[WhiteElo "1948"]
[BlackElo "1802"]
[PlyCount "75"]
[EventDate "2007.05.31"]

1. d4 d5 2. Nc3 Nf6 3. Bg5 Nbd7 4. f3 h6 5. Bxf6 Nxf6 6. e4 e6 7. e5 Nd7 8. f4
c5 9. Nf3 Be7 10. Qd2 a6 11. Ne2 cxd4 12. Nexd4 Nc5 13. c3 f6 14. Qc2 f5 15.
O-O-O Bd7 16. Kb1 Rc8 17. h3 O-O 18. Rg1 Ne4 19. g4 Bb4 20. gxf5 Bxc3 21. Qg2
Qe7 22. fxe6 Nd2+ 23. Rxd2 Bxd2 24. Nxd2 Bxe6 25. Nxe6 Rf7 26. Qg6 Rc6 27. f5
Qh4 28. Bd3 Qxh3 29. Qg3 Qh5 30. Nd8 Rcc7 31. Nxf7 Qxf7 32. f6 g5 33. Qf3 b5
34. Qf5 Rc6 35. Re1 Re6 36. Nf3 Rb6 37. Nd4 Rb7 38. e6 1-0